| 000 | 01296nam0a2200313 4500 | ||
|---|---|---|---|
| 001 | RU\NLR\BIBL_A\022689054 | ||
| 005 | 20260426072249.0 | ||
| 010 |
_a978-5-908008-18-1 _91000 |
||
| 021 |
_aRU _bКН-П-25-067654 _9КН-П-25-6547 |
||
| 035 | _a(NLR Aleph) 022689054 | ||
| 090 |
_a13692698 _c13692698 |
||
| 100 | _a20251216d2025 u y0rusy50 ca | ||
| 101 | 0 | _arus | |
| 102 | _aRU | ||
| 105 | _aa z 000yy | ||
| 181 | 0 |
_ai3 _baxxe |
|
| 182 | 0 | _an | |
| 200 | 1 |
_aФинансовый гамбит _eистория о том, как развить навык управления деньгами и жизнью _eтрансформационный бизнес-роман _fАлександр Верга |
|
| 203 |
_aТекст _bвизуальный _cнепосредственный |
||
| 210 |
_aМосква _cWriter's Way _d2025 |
||
| 215 |
_a302, [1] с. _cил. _d22 |
||
| 333 | _a16+ | ||
| 606 | 1 |
_aЭкономическое поведение _jПопулярные издания _xСоциально-психологические исследования _92150969 _3RU\NLR\AUTH\661295365 |
|
| 686 | 1 | _aС550.42я9 | |
| 700 | 1 |
_aВерга _bА. _gАлександр |
|
| 942 | _cBOOK | ||
| 980 | _aNB | ||